| 000 | 00838nam a2200241 i 4500 | ||
|---|---|---|---|
| 001 | 185340 | ||
| 003 | SpMaBN | ||
| 005 | 20231130192640.0 | ||
| 008 | 160523s2006 sp |||| | spa d | ||
| 020 | _a978-84-323-1273-1 | ||
| 080 | _a32(460)"1975/..." | ||
| 100 | 1 |
_aTremlett, Giles. _9159604 |
|
| 245 | 1 | 0 |
_aEspaña ante sus fantasmas _b: un recorrido por un país en transición / _cGiles Tremlett ; traducción de Patricia Varona. |
| 260 |
_aMadrid : _bSiglo XXI de España, _c2006. |
||
| 300 |
_aXI, 418 p. ; _c23 cm. |
||
| 500 | _aÍndice. | ||
| 504 | _aBibliografía: p. 397-405. | ||
| 651 | 7 |
_aEspaña- _xPolítica y gobierno- _y1975- _9159606 |
|
| 700 | 1 |
_aVarona Codeso, Patricia. _9159607 |
|
| 852 |
_aES-MaACL _jA-13771 _9192366 _bR.151118 _cDEPO1 _dOlim: N-6771 |
||
| 942 |
_2udc _cMONOGRAFIA |
||
| 999 |
_c185340 _d185340 |
||